000 00755nam a2200241 a 4500
001 12309
003 CO-ViMGA
008 141112s2004 ck r 000 u spa d
020 _ao0671640224
040 _aCO-ViMGA
_bspa
_cCO-ViMGA
082 0 4 _a330.973 B17g
100 1 _aBatra, Ravi
_949683
245 1 0 _aThe Great Depression of 1990
260 _aNew York :
_bSimon Schuster,
_c1990
300 _a235p.
590 _aForma de adquisición : Donación - - Proveedor : Dr. Rafael Salamanca
650 1 4 _aCICLOS ECONOMICOS
_917556
650 1 4 _aCONDICIONES ECONOMICAS 1981 - 1987
_917557
650 1 4 _aCRISIS ECONOMICAS
_917558
650 1 4 _aESTADOS UNIDOS
_917559
650 1 4 _aPRONOSTICO DE LA Economía EN ESTADOS UNIDOS
_917560
942 _2ddc
_cBK
999 _c23320
_d23320